| 000 | 00353nam a22001337a 4500 | ||
|---|---|---|---|
| 082 |
_a620.1 _bKHU _cN-01, P-164 |
||
| 100 |
_aKhurmi, R.S _924542 |
||
| 245 | _aApplied mechanics and strength of materils | ||
| 260 | _c1985 | ||
| 300 |
_axvi, 830p,; _bill,: _c22cm |
||
| 526 |
_a0 _b0 _c0 _d620_100000000000000_KHU |
||
| 650 |
_aNUST _96342 |
||
| 942 |
_2ddc _cBK |
||
| 999 |
_c545378 _d545378 |
||